CASSELL`S LATIN DICTIONARY (Record no. 365732)

MARC details
000 -LEADER
fixed length control field 00405nam a2200157Ia 4500
008 - FIXED-LENGTH DATA ELEMENTS--GENERAL INFORMATION
fixed length control field 100122s9999 xx 000 0 und d
082 ## - DEWEY DECIMAL CLASSIFICATION NUMBER
Item number 18809
Classification number 473.2
100 ## - MAIN ENTRY--PERSONAL NAME
Personal name MERCHANT R V
245 ## - TITLE STATEMENT
Title CASSELL`S LATIN DICTIONARY
260 ## - PUBLICATION, DISTRIBUTION, ETC. (IMPRINT)
Name of publisher, distributor, etc CASSELL & CO LTD
Date of publication, distribution, etc 1931
300 ## - PHYSICAL DESCRIPTION
Extent 927
630 ## - SUBJECT ADDED ENTRY--UNIFORM TITLE
Uniform title CASSELL`S LATIN DICTIONARY
700 ## - ADDED ENTRY--PERSONAL NAME
Personal name CHARTES J F
730 ## - ADDED ENTRY--UNIFORM TITLE
Uniform title CASSELL`S LATIN DICTIONARY
942 ## - ADDED ENTRY ELEMENTS (KOHA)
Koha item type Book
Holdings
Withdrawn status Lost status Damaged status Not for loan Home library Current library Date acquired Cost, normal purchase price Total Checkouts Full call number Barcode Date last seen Cost, replacement price Price effective from Koha item type Public note
        S.V. Pathak Library, Vile Parle S.V. Pathak Library, Vile Parle 03/09/2002 8.00   18809 SVPPARLE-18809 01/25/2010 8.00 01/25/2010 Book "7)रद्द, , General, Cancelled"